000 00474nam a2200193Ia 4500
005 20250603145557.0
008 250603s9999 xx 000 0 und d
020 _a9780324664768
050 _aHF 5635 .W27/
100 _aReeve, James M.
245 0 _aPrinciples of financial and managerial accounting
250 _a10th ed.
260 _aChina
260 _bSouth-Western Cengage Learning
260 _c2009
300 _a1256 p
650 _aChina
942 _cBK
999 _c42251
_d42251